Picasso ông tôi

Gorde:
Xehetasun bibliografikoak
Egile nagusia: MARINA PICASSO
Formatua: Liburua
Hizkuntza:Undetermined
Argitaratua: Văn nghệ Tp HCM 2002
Etiketak: Etiketa erantsi
Etiketarik gabe, Izan zaitez lehena erregistro honi etiketa jartzen!
Thư viện lưu trữ: Trung tâm Học liệu Trường Đại học Cần Thơ
LEADER 00411nam a2200145Ia 4500
001 CTU_48747
008 210402s9999 xx 000 0 und d
082 |a 843.914 
082 |b P585 
100 |a MARINA PICASSO 
245 0 |a Picasso ông tôi 
245 0 |c MARINA PICASSO, Nguyễn Minh Hoàng 
260 |b Văn nghệ Tp HCM 
260 |c 2002 
980 |a Trung tâm Học liệu Trường Đại học Cần Thơ